Crossword Blackout! 29 Quiz Stats

 Plays Quiz not verified by Sporcle

Support Sporcle.
Go Orange.
Score 0/60 Timer 14:00
1 Play Today
% Correct
???
84.9%
???
68%
???
67.4%
???
56.6%
???
55.7%
???
53.6%
???
52.5%
???
52%
???
51.5%
???
50.5%
???
50.2%
???
49.5%
???
47.7%
???
43.5%
???
43%
???
41.1%
???
39.6%
???
39.1%
???
36.5%
???
36.4%
???
36%
???
35.5%
???
35.2%
???
35%
???
34%
???
33.6%
???
33%
???
32.5%
???
30.9%
???
29.5%
% Correct
???
29.1%
???
28.2%
???
28%
???
27.6%
???
26.3%
???
25.9%
???
25.7%
???
25.1%
???
25%
???
24.7%
???
24.2%
???
24%
???
24%
???
23.7%
???
23.5%
???
23.3%
???
23.2%
???
23.1%
???
23.1%
???
22.7%
???
21.9%
???
21.6%
???
21.5%
???
21.4%
???
20.4%
???
20.1%
???
19.8%
???
19.4%
???
17.5%
???
17%

You're not logged in!

Compare scores with friends on all Sporcle quizzes.
OR
Log In

From the Vault

Are You Ready to Rock? III

by beforever

This might be the easiest question to answer in the entire universe.
Remove Ads.
Support Sporcle.
Get the best of Sporcle when you Go Orange. This ad-free experience offers more features, more stats, and more fun while also helping to support Sporcle. Thank you for becoming a member.

Show Comments

Extras

Top Quizzes Today


Score Distribution

Your Account Isn't Verified!

In order to create a playlist on Sporcle, you need to verify the email address you used during registration. Go to your Sporcle Settings to finish the process.

Report this User

Report this user for behavior that violates our Community Guidelines.

Details: